Gaming Quiz

Random Gaming or Mario Quiz

Playable Characters From Super Mario Run Quiz Stats

 Plays Quiz not verified by Sporcle

Challenge
Share
Tweet
Embed
Score 0/11 Timer 01:30
0 Plays Today
Playable Characters % Correct
Mario
99.8%
Luigi
98.4%
Princess Peach
94.5%
Toad
87.4%
Daisy
82.9%
Yoshi
82%
Toadette
54.7%
Blue Yoshi
42.9%
Purple Yoshi
42.9%
Yellow Yoshi
36.3%
Pink Yoshi
17.6%

You're not logged in!

Compare scores with friends on all Sporcle quizzes.
Join for Free
OR
Log In

You Might Also Like...

Show Comments

Extras

Top Quizzes Today


Score Distribution

Your Account Isn't Verified!

In order to create a playlist on Sporcle, you need to verify the email address you used during registration. Go to your Sporcle Settings to finish the process.

Report this User

Report this user for behavior that violates our Community Guidelines.

Details: